Thrown to the Woolf (Record no. 117755)
[ view plain ]
| 000 -LEADER | |
|---|---|
| fixed length control field | 01307cam a2200229 4500 |
| 001 - CONTROL NUMBER | |
| control field | ABS68016 |
| 008 - FIXED-LENGTH DATA ELEMENTS--GENERAL INFORMATION | |
| fixed length control field | 040722n2004 000 0 eng u |
| 035 ## - SYSTEM CONTROL NUMBER | |
| System control number | (Sirsi) u126903 |
| 100 ## - MAIN ENTRY--PERSONAL NAME | |
| Personal name | Langdon-Down, G. |
| 245 ## - TITLE STATEMENT | |
| Title | Thrown to the Woolf |
| 260 ## - PUBLICATION, DISTRIBUTION, ETC. | |
| Date of publication, distribution, etc. | 2004 |
| 490 ## - SERIES STATEMENT | |
| Series statement | Law Society's Gazette |
| Volume/sequential designation | (101/25) 24 June 2004, 18-20(3) |
| 520 ## - SUMMARY, ETC. | |
| Summary, etc. | Examines the effect of the Woolf reforms five years after their introduction. Notes that there has been a dramatic change in the extent of civil cases and a huge reduction in the number of these cases being litigated. It is not known at the moment if this drop represents the desirable consequences of Woolf or is due to the removal of legal aid and the inability to persuade solicitors to take on work on a conditional fee basis. Points out that the Department for Constitutional Affairs is taking a fresh look at which matters should be in court and which should be resolved without the trial process. Another area to be examined is the role of the expert witness whose reliability and evidence has recently come under scrutiny. |
| 590 ## - LOCAL NOTE (RLIN) | |
| Local note | ABS |
| 590 ## - LOCAL NOTE (RLIN) | |
| Local note | ABS |
| 650 ## - SUBJECT ADDED ENTRY--TOPICAL TERM | |
| Topical term or geographic name entry element | WOOLF REPORT |
| 650 ## - SUBJECT ADDED ENTRY--TOPICAL TERM | |
| Topical term or geographic name entry element | CIVIL CASES |
| 650 ## - SUBJECT ADDED ENTRY--TOPICAL TERM | |
| Topical term or geographic name entry element | EXPERT WITNESSES |
| 650 ## - SUBJECT ADDED ENTRY--TOPICAL TERM | |
| Topical term or geographic name entry element | ALTERNATIVE DISPUTE RESOLUTION |
| 690 ## - LOCAL SUBJECT ADDED ENTRY--TOPICAL TERM (OCLC, RLIN) | |
| Topical term or geographic name as entry element | DISPUTE RESOLUTION |
| 9 (RLIN) | 6236 |
| 942 ## - ADDED ENTRY ELEMENTS (KOHA) | |
| Suppress in OPAC | 0 |
| Withdrawn status | Lost status | Source of classification or shelving scheme | Damaged status | Not for loan | Home library | Current library | Shelving location | Date acquired | Total Checkouts | Full call number | Barcode | Date last seen | Copy number | Price effective from | Koha item type |
|---|---|---|---|---|---|---|---|---|---|---|---|---|---|---|---|
| Dewey Decimal Classification | London | London | Journal article | 22/07/2004 | ABS68016 | 126903-1001 | 06/08/2019 | 1 | 06/08/2019 | Journal article |